000 00275nam a22001097a 4500
008 170112b xxu||||| |||| 00| 0 eng d
020 _a9781932603873
041 _aeng
080 _a618.2
245 _aWHAT NURSEES KNOW...CHRONIC FATIGUE SYNDROME
_cSTEEFEL, L
942 _2udc
_cBK
999 _c2834
_d2834